Prieskum predaja hutníckeho materiálu v trenčianskom regióne a jeho využitie v podnikovej praxi : Diplomová práca

Uložené v:
Podrobná bibliografia
Hlavný autor: Mucha, Jaroslav (Autor)
Ďalší autori: Brezník, Jozef, 1939- (xxx)
Médium: Rukopis Kniha
Jazyk:Slovak
Vydavateľské údaje: Trnava : STU v Bratislave MtF KMK, 1999
Predmet:
Tagy: Pridať tag
Žiadne tagy, Buďte prvý, kto otaguje tento záznam!

MARC

LEADER 00000ntm a22000003a 4500
001 stu53054
005 20160719155217.2
008 000407s1999----xo------------------slo-d
040 |a STU  |b slo 
041 0 |a slo 
044 |a xo 
100 1 |a Mucha, Jaroslav  |4 aut 
245 1 |a Prieskum predaja hutníckeho materiálu v trenčianskom regióne a jeho využitie v podnikovej praxi :  |b Diplomová práca 
260 |a Trnava :  |b STU v Bratislave MtF KMK,  |c 1999 
300 |a 71 s  |c výťah 
650 7 |a Predaj-materiál hutnícky  |2 stusub 
650 7 |a Hutníctvo-materiál-predaj  |2 stusub 
650 7 |a manažment priemyselných podnikov  |2 stusub 
700 1 |a Brezník, Jozef,  |d 1939-  |4 xxx  |u M190  |U MTF Materiálovotechnologická fakulta  |T MTF Katedra priemyselného inžinierstva a manažmentu  |X 3647  |U M190  |Y 167  |7 A000003647